Grandes Museos del Mundo : National Gallery Londres
| Main Author: | |
|---|---|
| Format: | Section = Libro |
| Language: | Undetermined Spanish |
| Published: |
España
CAE
1997
|
| Subjects: |
| LEADER | 00574nam a2200217Ia 4500 | ||
|---|---|---|---|
| 008 | 240829s9999 xx 000 0 und d | ||
| 020 | |a 94-7764-390-3 | ||
| 040 | |a BIBLIOTECA-RUSB/ Ref 708 P869 | ||
| 041 | |a spa | ||
| 082 | |a Ref 708 P869 | ||
| 100 | 1 | |a Potterton, Homan | |
| 245 | 1 | 0 | |a Grandes Museos del Mundo : National Gallery Londres |
| 260 | |a España |b CAE |c 1997 | ||
| 300 | |a 237 p. :il. | ||
| 650 | 7 | |a MUSEOS | |
| 650 | 7 | |b GALERIA NACIONAL DE LONDRES | |
| 650 | 7 | |c PINTURA ITALIANA | |
| 650 | 7 | |d PINTURA ESPAÑOLA | |
| 942 | |c BK |2 ddc | ||
| 991 | |a TEXTO | ||
| 999 | |c 6349 | ||